000 01421cam a2200301 i 4500
001 zz2003985029
003 NUKAT
005 20260425105947.0
008 030808s1867 pl g |001 0 pol c
035 _a(OCoLC)839002616
035 _a(NUKAT)zz2003985029
040 _aLUBL M/mm
_cLUBL M/mm
_dLUBL M/JD
_dWR U/PAdjm
_dWA U/JLs
_dWR U/PAdjm
_dWR O/IS
041 0 _apol
_alat
100 1 _aBurzyński, Piotr
_d(1819-1879).
_940519
245 1 0 _aPrawo polskie prywatne :
_bnapisane i poświęcone pamięci ubiegłych w roku 1864 pięciuset lat istnienia Akademii Krakowskiej.
_nT. 1,
_pObejmujący źródła prawa polskiego i z prawa prywatnego.
_nCz. 1,
_pO osobach jako podmiotach stosunków prawnych /
_cprzez Piotra Burzyńskiego.
246 3 0 _aO osobach jako podmiotach stosunków prawnych
260 _aKraków :
_bnakł. autora,
_c1867
_e(Kraków :
_fDrukarnia c. k. Uniwersytetu Jagiellońskiego pod zarządem K. Mańkowskiego).
300 _aVI, 534 s. ;
_c22 cm.
336 _aTekst
_btxt
_2rdacontent
337 _aBez urządzenia pośredniczącego
_bn
_2rdamedia
338 _aWolumin
_bnc
_2rdacarrier
504 _aIndeksy.
530 _aDostępne również w wersji elektronicznej w Bibliotece Cyfrowej Uniwersytetu Wrocławskiego.
546 _aTekst częśc. łac.
650 7 _aPrawo prywatne
_zPolska
_y19 w.
_2kaba
_940520
856 4 1 _uhttp://bibliotekacyfrowa.pl/publication/46668
942 _2ddc
_cBK_NM
999 _c27764
_d27764